00819nam a22002417a 45000010005000000030006000050050017000110080041000280200018000690400029000870500013001160820010001291000020001392450071001592600037002303000060002675050008003275200143003355210020004785210020004986500030005187000029005482869FISKH20250320144736.0240119b cb ||||| |||| 00| 0 eng d a9780545729901 aFISKHbengcFISKHdFISKH aBL820.P4 a398.2 aMayer, Marinna  aPegasus /cAs told by Mayer, Marinna : Illustrated by Craft, K.Y  aNew York :bScholastic, c1998 . a40 unnumbered pages :bcolor illustrations ; c29 cm .  aZ  aRetells how Bellerophon, son of the king of Corinth, secures the help of the winged horse Pegasus in order to fight the monstrous Chimera.8 a960 bLexile 8 aZ bRaz-Plus  aAncient history vFiction aCraft, K.YeIllustrator